[Event "Brno /Olexa/"]
[Site "?"]
[Date "2014.12.25"]
[Round "1"]
[White "Skola, Miroslav"]
[Black "Brhlik, Antonin"]
[Result "1-0"]
[WhiteElo "2166"]
[BlackElo "1747"]
[PlyCount "115"]

1. e4 c5 2. Nf3 Nc6 3. d4 cxd4 4. Nxd4 Nf6 5. Nc3 e5 6. Ndb5 d6 7. Bg5 a6 8.
Na3 b5 9. Bxf6 gxf6 10. Nd5 Bg7 11. c3 f5 12. exf5 Bxf5 13. Nc2 O-O 14. g3 Kh8
15. Bg2 Rb8 16. O-O Qd7 17. Re1 a5 18. a3 a4 19. Nce3 Be6 20. Qh5 f5 21. f4 Na5
22. Rad1 Nc4 23. Nxc4 bxc4 24. Qe2 Qb5 25. Nb4 Rb6 26. Bd5 Bc8 27. Qxc4 Qxc4
28. Bxc4 Bb7 29. Bd5 exf4 30. gxf4 Bh6 31. Bxb7 Rxb7 32. Nd3 Rg8+ 33. Kf2 Rg4
34. Rg1 Rxg1 35. Rxg1 Re7 36. Re1 Rxe1 37. Kxe1 Kg7 38. Ke2 Kf6 39. Ke3 Ke6 40.
Kd4 Bg7+ 41. Kc4 d5+ 42. Kb5 Kd6 43. Kxa4 Kc6 44. b4 Bxc3 45. Ka5 Kb7 46. Kb5
Bd4 47. a4 Bg1 48. h3 Be3 49. a5 Ka7 50. Kc6 Ka6 51. Nc5+ Ka7 52. Ne6 d4 53.
Nc5 Bxf4 54. b5 Bg3 55. b6+ Kb8 56. a6 Ka8 57. Ne6 d3 58. Nc7+ 1-0

[Event "Brno /Olexa/"]
[Site "?"]
[Date "2014.12.25"]
[Round "1"]
[White "Zikan, Karel"]
[Black "Snorek, Milan"]
[Result "0-1"]
[WhiteElo "1743"]
[BlackElo "2105"]
[PlyCount "100"]

1. Nf3 d5 2. d4 Nf6 3. c4 dxc4 4. e3 e6 5. Bxc4 c5 6. O-O a6 7. dxc5 Qxd1 8.
Rxd1 Bxc5 9. b3 O-O 10. Bb2 b5 11. Be2 Bb7 12. Ne5 Nd5 13. Bf3 f6 14. Nd3 Be7
15. Nf4 Nxf4 16. Bxb7 Ra7 17. Bf3 Ng6 18. Nd2 Nd7 19. Rac1 Nde5 20. Be2 Rd8 21.
Nf3 Nxf3+ 22. Bxf3 Rxd1+ 23. Rxd1 Nh4 24. Be2 g5 25. g3 Nf5 26. Kg2 h6 27. Bf3
Kf7 28. Rc1 b4 29. Kf1 a5 30. g4 Nh4 31. Bd4 Rd7 32. Bc6 Rd6 33. Bb5 Nf3 34.
Bc5 Rd2 35. Bxe7 Kxe7 36. Rc7+ Kd8 37. Rc6 Nxh2+ 38. Ke1 Nf3+ 39. Kf1 Ke7 40.
Rc7+ Kd6 41. Rc6+ Kd5 42. Ra6 Nh2+ 43. Kg1 Nxg4 44. Bc4+ Ke4 45. Rxe6+ Kf3 46.
Bf1 Rxf2 47. Bh3 Rxa2 48. Bxg4+ Kxg4 49. Rxf6 a4 50. bxa4 b3 0-1

[Event "Brno /Olexa/"]
[Site "?"]
[Date "2014.12.25"]
[Round "?"]
[White "Borovicka, Bohumil"]
[Black "Doskar, Miloslav"]
[Result "1-0"]
[WhiteElo "2007"]
[BlackElo "1725"]
[PlyCount "57"]

1. d4 d5 2. Bf4 Nf6 3. e3 e6 4. Nd2 Be7 5. Bd3 Nbd7 6. Ngf3 O-O 7. Ne5 c5 8. c3
c4 9. Bc2 h6 10. O-O Nxe5 11. Bxe5 Bd6 12. f4 Qe7 13. Qe2 Bd7 14. g4 Bxe5 15.
dxe5 Nh7 16. Nf3 Kh8 17. g5 Rg8 18. Rf2 f5 19. exf6 gxf6 20. h4 fxg5 21. hxg5
Be8 22. Rh2 h5 23. Kf2 Nf8 24. Rah1 Rg7 25. Ne5 Rd8 26. g6 Bxg6 27. Bxg6 Nxg6
28. Qxh5+ Kg8 29. Qh8+ 1-0

[Event "Brno /Olexa/"]
[Site "?"]
[Date "2014.12.25"]
[Round "1"]
[White "Straka, Vojtech"]
[Black "Spodny, Josef"]
[Result "1/2-1/2"]
[WhiteElo "1717"]
[BlackElo "1981"]
[PlyCount "27"]

1. e4 e6 2. d4 d5 3. exd5 exd5 4. Nf3 Bg4 5. Be2 Bd6 6. O-O Ne7 7. h3 Bxf3 8.
Bxf3 O-O 9. c4 c6 10. cxd5 Nxd5 11. Bxd5 cxd5 12. Kh1 Nc6 13. Be3 Qb6 14. Nc3 {
(R)} 1/2-1/2

[Event "Brno /Olexa/"]
[Site "?"]
[Date "2014.12.25"]
[Round "1"]
[White "Kopkan, Pavel"]
[Black "Vavrousek, Petr"]
[Result "1-0"]
[WhiteElo "1891"]
[BlackElo "1716"]
[PlyCount "29"]

1. e4 c5 2. b4 cxb4 3. a3 e6 4. axb4 Bxb4 5. c3 Be7 6. Bb5 Nf6 7. e5 Nd5 8. Qg4
O-O 9. d4 f5 10. Qe2 d6 11. Nf3 dxe5 12. Nxe5 Bd7 13. Nxd7 a6 14. Qxe6+ Kh8 15.
Qxd5 1-0

[Event "Brno /Olexa/"]
[Site "?"]
[Date "2014.12.25"]
[Round "1"]
[White "Hala, Pavel"]
[Black "Martisek, Karel"]
[Result "0-1"]
[WhiteElo "1703"]
[BlackElo "1884"]
[PlyCount "94"]

1. c4 e5 2. e4 Nf6 3. Nc3 Bc5 4. h3 Nc6 5. a3 a5 6. d3 d6 7. Nf3 Bd7 8. Bg5 h6
9. Bh4 Nd4 10. Rb1 a4 11. Nxd4 Bxd4 12. Nd5 g5 13. Nxf6+ Qxf6 14. Bg3 b5 15.
Qc2 O-O 16. f3 Rfb8 17. Bf2 c5 18. Be2 b4 19. O-O Qf4 20. Bxd4 cxd4 21. Qc1
bxa3 22. Qxf4 gxf4 23. bxa3 Rb3 24. Rxb3 axb3 25. Rb1 Rxa3 26. Kf1 Ba4 27. Bd1
Kg7 28. Ke1 Kf6 29. Kf2 Kg5 30. Kg1 h5 31. Kh2 h4 32. Kg1 Kf6 33. Kf1 Ke6 34.
Ke1 f5 35. Be2 fxe4 36. fxe4 Kd7 37. Kd1 Kc6 38. Kc1 Kc5 39. Rb2 Kb4 40. Kb1
Kc3 41. Bd1 Ra2 42. Re2 Rxe2 43. Bxe2 Kd2 44. Bg4 Kxd3 45. Kb2 Kxe4 46. Bd1 Ke3
47. Ka3 b2 0-1

[Event "Brno /Olexa/"]
[Site "?"]
[Date "2014.12.25"]
[Round "1"]
[White "Pelikan, Jaromir"]
[Black "Divis, Jan"]
[Result "0-1"]
[WhiteElo "1878"]
[BlackElo "1687"]
[PlyCount "80"]

1. d4 Nf6 2. Nf3 d5 3. c4 e6 4. g3 Bb4+ 5. Bd2 Bxd2+ 6. Nbxd2 O-O 7. Bg2 c6 8.
O-O Nbd7 9. Qc2 Re8 10. Rfd1 h6 11. e4 dxe4 12. Nxe4 Nxe4 13. Qxe4 Nf6 14. Qd3
Qb6 15. Ne5 Rd8 16. a3 a5 17. c5 Qc7 18. Nc4 Ra7 19. b4 axb4 20. axb4 Rxa1 21.
Rxa1 Bd7 22. Ra7 Be8 23. Nd6 Rb8 24. b5 Nd5 25. b6 Qe7 26. Qa6 Qxd6 27. Rxb7
Qd8 28. Rxb8 Qxb8 29. Bxd5 cxd5 30. Qa7 Qxa7 31. bxa7 Bc6 32. Kf1 Kf8 33. Ke2
Ke7 34. Ke3 Kd7 35. f4 Kc7 36. g4 Kb7 37. a8=Q+ Kxa8 38. f5 exf5 39. gxf5 Bd7
40. Kf4 f6 0-1

[Event "Brno /Olexa/"]
[Site "?"]
[Date "2014.12.25"]
[Round "1"]
[White "Krajicek, Filip"]
[Black "Pesl, Jan"]
[Result "0-1"]
[WhiteElo "1646"]
[BlackElo "1817"]
[PlyCount "86"]

1. d4 Nf6 2. Nf3 g6 3. e3 Bg7 4. Bd3 O-O 5. b3 c5 6. Bb2 Nc6 7. c4 d5 8. Nc3
cxd4 9. Nxd4 Ne5 10. Nf3 Nxd3+ 11. Qxd3 Bf5 12. Qe2 Qa5 13. O-O dxc4 14. Qxc4
Rac8 15. Qa4 Qxa4 16. Nxa4 b5 17. Nc3 Ne4 18. Nd1 Bxb2 19. Nxb2 Rc2 20. Nd1 Nd2
21. Nxd2 Rxd2 22. Nc3 b4 23. Na4 Rc8 24. Rfd1 Rxd1+ 25. Rxd1 Rc2 26. h3 Rxa2
27. Rd4 a5 28. e4 Be6 29. Nc5 Rc2 30. Nxe6 fxe6 31. Rd8+ Kf7 32. Ra8 Rb2 33.
Rxa5 Rxb3 34. Kh2 h5 35. f3 h4 36. Rb5 Rb1 37. e5 g5 38. Rb6 b3 39. Rb4 Kg6 40.
g4 hxg3+ 41. Kxg3 b2 42. Kg2 Kf5 43. Rb5 Kf4 0-1

[Event "Brno /Olexa/"]
[Site "?"]
[Date "2014.12.25"]
[Round "1"]
[White "Hrdlicka, Vladan"]
[Black "Sojka, Oldrich"]
[Result "1-0"]
[WhiteElo "1797"]
[BlackElo "1609"]
[PlyCount "71"]

1. d4 Nf6 2. c4 g6 3. Nc3 Bg7 4. e4 d6 5. Bg5 Nc6 6. d5 Nb8 7. Qd2 Nbd7 8. Bh6
O-O 9. Bxg7 Kxg7 10. h4 Nc5 11. f3 e6 12. O-O-O e5 13. g4 h5 14. Be2 hxg4 15.
h5 Rh8 16. h6+ Kh7 17. b4 gxf3 18. Bxf3 Na6 19. a3 Bg4 20. Qg2 Qd7 21. Rf1 Raf8
22. Bd1 Bxd1 23. Rxf6 Qg4 24. Qd2 Bb3 25. Qf2 Kg8 26. Rh4 Qg5+ 27. Kb2 Bxc4 28.
Nh3 Qxh6 29. Rxh6 Rxh6 30. Ng5 Kh8 31. Nxf7+ Kg7 32. Rf3 Rh5 33. Ng5 Rxf3 34.
Ne6+ Kh6 35. Qxf3 Rh2+ 36. Kc1 1-0

[Event "Brno /Olexa/"]
[Site "?"]
[Date "2014.12.25"]
[Round "1"]
[White "Glacner, Karel"]
[Black "Turza, Pavel"]
[Result "0-1"]
[WhiteElo "1543"]
[BlackElo "1777"]
[PlyCount "90"]

1. h4 e5 2. b3 Nc6 3. a4 Nf6 4. c3 a6 5. Na3 Bc5 6. b4 Ba7 7. e4 d5 8. b5 Na5
9. exd5 Qxd5 10. f3 e4 11. d4 exd3 12. Qxd3 Qe6+ 13. Qe2 O-O 14. Qxe6 Bxe6 15.
Bf4 Nd5 16. Ne2 Rfe8 17. O-O-O Nxf4 18. Nd4 Nb3+ 19. Nxb3 Bxb3 20. Rd7 axb5 21.
Nxb5 Bb6 22. Nxc7 Bxc7 23. Rxc7 Bxa4 24. Bc4 Ne6 25. Rxb7 Bc6 26. Rb1 Reb8 27.
Re1 Rxb1+ 28. Kxb1 Re8 29. f4 Nxf4 30. Rxe8+ Bxe8 31. g3 Ne6 32. Bd5 Kf8 33.
Kc1 Ke7 34. Kd2 Kd6 35. Be4 h5 36. Ke3 Bc6 37. Bd3 Ke5 38. Be2 g6 39. Bd1 Ng7
40. g4 hxg4 41. Bxg4 Nf5+ 42. Bxf5 Kxf5 43. Kd4 Kg4 44. Kc5 Be8 45. Kd6 f5 0-1

[Event "Brno /Olexa/"]
[Site "?"]
[Date "2014.12.25"]
[Round "1"]
[White "Kosina, Vladimir"]
[Black "Skvir, Ivo"]
[Result "1/2-1/2"]
[WhiteElo "1763"]
[BlackElo "1520"]
[PlyCount "132"]

1. e4 d5 2. exd5 Nf6 3. c4 e6 4. dxe6 Bxe6 5. d4 c6 6. Nc3 Nbd7 7. Be2 Nb6 8.
b3 Bb4 9. Bd2 Qxd4 10. Nf3 Qd6 11. Qc2 h6 12. O-O O-O-O 13. h3 g5 14. Rad1 Qc7
15. a3 Bd6 16. Bc1 g4 17. hxg4 Nxg4 18. Ne4 Be7 19. Bb2 Rhg8 20. b4 Nd7 21. c5
Bd5 22. Bc4 Nde5 23. Nxe5 Nxe5 24. Bxe5 Qxe5 25. Bxd5 Rxd5 26. Rde1 Qf4 27. Re2
Rf5 28. Qd3 Rd5 29. Qh3+ Kb8 30. Qh2 Qxh2+ 31. Kxh2 Bd8 32. Re3 f5 33. Nc3 Rd4
34. Rf3 Rh4+ 35. Rh3 Bc7+ 36. g3 Rxh3+ 37. Kxh3 f4 38. Ne2 fxg3 39. Nxg3 a5 40.
Re1 axb4 41. axb4 b6 42. Re6 bxc5 43. bxc5 Bxg3 44. fxg3 Kb7 45. Rxh6 Rg5 46.
Rh7+ Ka6 47. Kh4 Rxc5 48. g4 Rc1 {(R)} 49. Kg5 c5 50. Kf6 c4 51. g5 Kb5 52. g6
Rf1+ 53. Ke6 Rg1 54. Rh5+ Kb4 55. Kf6 Rxg6+ 56. Kxg6 c3 57. Rh8 c2 58. Rc8 Kb3
59. Kf5 Kb2 60. Rb8+ Ka1 61. Ra8+ Kb2 62. Rb8+ Ka1 63. Rc8 Kb2 64. Rb8+ Ka1 65.
Ra8+ Kb2 66. Rb8+ Ka1 1/2-1/2

[Event "Brno /Olexa/"]
[Site "?"]
[Date "2014.12.26"]
[Round "2"]
[White "Pesl, Jan"]
[Black "Skola, Miroslav"]
[Result "0-1"]
[WhiteElo "1817"]
[BlackElo "2166"]
[PlyCount "80"]

1. e4 c5 2. Nc3 Nc6 3. f4 d6 4. Bb5 a6 5. Bxc6+ bxc6 6. Nf3 Nf6 7. O-O g6 8. d3
Bg7 9. Qe1 O-O 10. Qh4 Re8 11. Ng5 h6 12. Nf3 e6 13. f5 exf5 14. Bxh6 Nh7 15.
Qxd8 Rxd8 16. Bxg7 Kxg7 17. e5 d5 18. b3 Rb8 19. Na4 c4 20. Nd4 Bd7 21. Nc5
cxd3 22. e6 Be8 23. Nxd3 Ng5 24. Nc5 a5 25. Rae1 Rd6 26. c3 Ne4 27. Nxe4 fxe4
28. exf7 Bxf7 29. a4 Be8 30. c4 Rf6 31. cxd5 cxd5 32. Rc1 Rb4 33. Rc7+ Bf7 34.
Ne6+ Rxe6 35. Rfxf7+ Kh6 36. Kf1 Rxb3 37. Rc5 e3 38. Ke1 d4 39. Rb5 Rc3 40. Rd7
d3 0-1

[Event "Brno /Olexa/"]
[Site "?"]
[Date "2014.12.26"]
[Round "2"]
[White "Snorek, Milan"]
[Black "Hrdlicka, Vladan"]
[Result "1-0"]
[WhiteElo "2105"]
[BlackElo "1797"]
[PlyCount "79"]

1. d4 Nf6 2. Nf3 c5 3. c4 cxd4 4. Nxd4 e5 5. Nb5 d5 6. cxd5 Bc5 7. e3 O-O 8.
N5c3 e4 9. Be2 Nbd7 10. Nd2 Re8 11. Qc2 Qe7 12. a3 a6 13. b4 Ba7 14. Nc4 Bb8
15. Bb2 b5 16. Na5 Ne5 17. h3 Bf5 18. g4 Nd3+ 19. Kf1 Bg6 20. Nc6 Qc7 21. h4 h5
22. g5 Nd7 23. Nd1 Nb6 24. Bxd3 Nxd5 25. Be2 Ba7 26. Nd4 Qe5 27. Nc6 Qf5 28.
Nxa7 Rxa7 29. Bd4 Rc7 30. Qb2 Rec8 31. Bc5 f6 32. gxf6 Nxf6 33. Nc3 Rf7 34. Rh2
Kh7 35. Rd1 Qe5 36. Rg2 Bf5 37. Ke1 Bh3 38. Rg3 Qf5 39. Rg5 Qe6 40. Bxh5 1-0

[Event "Brno /Olexa/"]
[Site "?"]
[Date "2014.12.26"]
[Round "2"]
[White "Turza, Pavel"]
[Black "Borovicka, Bohumil"]
[Result "1/2-1/2"]
[WhiteElo "1777"]
[BlackElo "2007"]
[PlyCount "53"]

1. Nf3 d5 2. d4 Bf5 3. c3 c6 4. Bg5 h6 5. Bf4 Nd7 6. e3 e6 7. Be2 Ngf6 8. Nbd2
Be7 9. Ne5 Qb6 10. b4 a5 11. a3 O-O 12. h4 Nxe5 13. Bxe5 Ne4 14. Nxe4 Bxe4 15.
Rh2 Qd8 16. g3 axb4 17. axb4 Rxa1 18. Qxa1 f6 19. Bf4 g5 20. hxg5 hxg5 21. Kd2
Rf7 22. Bg4 Qc8 23. Bb8 Rh7 24. Rxh7 Bxh7 25. Ba7 f5 26. Be2 g4 27. Bb6 {(R)}
1/2-1/2

[Event "Brno /Olexa/"]
[Site "?"]
[Date "2014.12.26"]
[Round "2"]
[White "Divis, Jan"]
[Black "Kopkan, Pavel"]
[Result "0-1"]
[WhiteElo "1687"]
[BlackElo "1891"]
[PlyCount "64"]

1. d4 Nf6 2. Bf4 c5 3. e3 d5 4. c3 Nc6 5. Nd2 Bf5 6. Ngf3 e6 7. dxc5 Bxc5 8.
Nb3 Bd6 9. Bxd6 Qxd6 10. Nbd4 Bg4 11. Be2 O-O 12. h3 Bh5 13. Nh4 Bg6 14. Nxg6
hxg6 15. h4 Ne4 16. Rh3 f5 17. Nb5 Qe7 18. f3 Nc5 19. b4 Nd7 20. f4 Rac8 21. a3
a6 22. Nd4 Nd8 23. Kd2 e5 24. Nf3 exf4 25. exf4 Re8 26. Nd4 Nf6 27. Bd3 Ne6 28.
Nxe6 Qxe6 29. Qf1 Ne4+ 30. Bxe4 dxe4 31. Re1 Qa2+ 32. Kd1 Red8+ 0-1

[Event "Brno /Olexa/"]
[Site "?"]
[Date "2014.12.26"]
[Round "2"]
[White "Martisek, Karel"]
[Black "Brda, Vlastimil"]
[Result "1-0"]
[WhiteElo "1884"]
[BlackElo "1347"]
[PlyCount "69"]

1. e4 c6 2. d4 e5 3. Nf3 exd4 4. Nxd4 Bc5 5. Bc4 Qe7 6. O-O b5 7. Bb3 Qe5 8.
Nf3 Qh5 9. Bf4 Qg4 10. Bxf7+ Kd8 11. Bg3 g6 12. b4 Nh6 13. Bb3 Bxb4 14. Qd4 Rf8
15. Qxb4 Ke8 16. Nbd2 a5 17. Qd4 a4 18. Bxb8 Rxb8 19. Qe5+ Kd8 20. Qxb8 axb3
21. axb3 Nf7 22. Ra8 d6 23. Rfa1 Ke7 24. e5 Qb4 25. exd6+ Nxd6 26. c3 Qg4 27.
Re1+ Kf7 28. Ne5+ Kg7 29. Nxg4 Nf5 30. Qe5+ Kf7 31. Rxc8 Rxc8 32. Qe6+ Kg7 33.
Qd7+ Kg8 34. Qxc8+ Kf7 35. Qd7+ 1-0

[Event "Brno /Olexa/"]
[Site "?"]
[Date "2014.12.26"]
[Round "2"]
[White "Spodny, Josef"]
[Black "Kosina, Vladimir"]
[Result "1-0"]
[WhiteElo "1981"]
[BlackElo "1763"]
[PlyCount "93"]

1. e4 c6 2. Ne2 d5 3. e5 Bf5 4. Ng3 Qd7 5. d4 g6 6. Nxf5 Qxf5 7. Bd3 Qd7 8. O-O
Bg7 9. Nc3 e6 10. Bf4 Ne7 11. Qd2 h6 12. h4 Qc8 13. b4 Nd7 14. a4 Bf8 15. a5
Ng8 16. Ne2 Be7 17. g3 Qd8 18. Kg2 Rc8 19. Be3 Nf8 20. Rh1 Nd7 21. Nf4 Nf8 22.
c3 a6 23. Qc2 Kd7 24. Ne2 Ke8 25. Nc1 Qc7 26. Nb3 Ra8 27. Rhb1 Qc8 28. Nc5 Kd8
29. Na4 Qc7 30. Nb6 Rb8 31. Rh1 Ke8 32. h5 g5 33. Rhf1 Bd8 34. f4 Qe7 35. Na4
Qd7 36. f5 exf5 37. Nc5 Qe7 38. Bxf5 Bc7 39. Rae1 Kd8 40. Rf3 Qe8 41. Bg4 Rh7
42. Ref1 Rg7 43. Qf2 Ke7 44. Bd2 Ne6 45. Nxe6 fxe6 46. Rf6 Qd7 47. Rf7+ 1-0

[Event "Brno /Olexa/"]
[Site "?"]
[Date "2014.12.26"]
[Round "2"]
[White "Skvir, Ivo"]
[Black "Straka, Vojtech"]
[Result "1/2-1/2"]
[WhiteElo "1520"]
[BlackElo "1717"]
[PlyCount "56"]

1. e4 e5 2. Nf3 Nc6 3. Bb5 d6 4. d3 Be7 5. Nc3 Bd7 6. Nd5 h6 7. Be3 Nf6 8. Nxe7
Nxe7 9. Bxd7+ Qxd7 10. h3 c5 11. Qd2 Nc6 12. c3 a6 13. b4 cxb4 14. cxb4 b5 15.
Qb2 O-O 16. O-O Rfe8 17. Nh4 d5 18. f3 d4 19. Bd2 Ne7 20. f4 exf4 21. Rxf4 Ng6
22. Nxg6 fxg6 23. Raf1 Rad8 24. R4f3 Kh7 25. Bf4 Qe6 26. Qd2 Ng8 27. Bc7 Rd7
28. Bf4 Rf8 {(R)} 1/2-1/2

[Event "Brno /Olexa/"]
[Site "?"]
[Date "2014.12.26"]
[Round "2"]
[White "Sojka, Oldrich"]
[Black "Pelikan, Jaromir"]
[Result "0-1"]
[WhiteElo "1609"]
[BlackElo "1878"]
[PlyCount "74"]

1. e4 c6 2. Bc4 d5 3. exd5 cxd5 4. Bb5+ Bd7 5. Bxd7+ Qxd7 6. Nf3 Qe6+ 7. Qe2
Qxe2+ 8. Kxe2 Nc6 9. c3 e5 10. d3 Nf6 11. Re1 Bd6 12. Kf1 O-O 13. Bg5 Nd7 14.
Nbd2 h6 15. Bh4 Nc5 16. d4 exd4 17. cxd4 Ne6 18. Nb3 Rac8 19. Bg3 Bxg3 20. hxg3
a5 21. Rad1 b6 22. a4 Nb4 23. Ne5 Rc2 24. Re2 Rfc8 25. Nf3 Rxe2 26. Kxe2 Nc2
27. Kd2 Rc4 28. Ne5 Rc7 29. Ke2 f6 30. Nf3 Rc4 31. Kd3 Nb4+ 32. Ke2 Nc6 33. Ke3
Rxa4 34. Rc1 Rb4 35. Rxc6 Rxb3+ 36. Kd2 Kf7 37. Kc2 Rxf3 0-1

[Event "Brno /Olexa/"]
[Site "?"]
[Date "2014.12.26"]
[Round "2"]
[White "Brhlik, Antonin"]
[Black "Hala, Pavel"]
[Result "1/2-1/2"]
[WhiteElo "1747"]
[BlackElo "1703"]
[PlyCount "87"]

1. e4 g6 2. d4 Bg7 3. f4 e6 4. Nf3 Ne7 5. Bd3 b6 6. O-O Bb7 7. c4 d6 8. Nc3 Nd7
9. Be3 a6 10. Qd2 c5 11. Rad1 Qc7 12. b3 h6 13. Qc2 Rc8 14. Qf2 f5 15. exf5
exf5 16. Rfe1 O-O 17. Ne2 Rce8 18. d5 Qd8 19. Bd2 Kh7 20. Bc3 Ng8 21. Bxg7 Kxg7
22. Ng3 Rxe1+ 23. Rxe1 Ndf6 24. Re2 Re8 25. Qe1 Rxe2 26. Qxe2 Bc8 27. h4 Qf8
28. Kf1 Ng4 29. Qb2+ Kh7 30. Qe2 Qf7 31. Qe1 Bd7 32. Nh1 Qf6 33. Nf2 Nxf2 34.
Kxf2 Qb2+ 35. Qe2 Qc3 36. g3 Kg7 37. Kg2 Kf7 38. Qc2 Qg7 39. Qe2 Nf6 40. Qb2
Qf8 41. Qe2 b5 42. Qe1 b4 43. Qe2 a5 44. Bc2 1/2-1/2

[Event "Brno /Olexa/"]
[Site "?"]
[Date "2014.12.26"]
[Round "2"]
[White "Koci, Milos"]
[Black "Zikan, Karel"]
[Result "0-1"]
[WhiteElo "1130"]
[BlackElo "1743"]
[PlyCount "60"]

1. d4 Nf6 2. c4 g6 3. e3 Bg7 4. g3 O-O 5. Nf3 d6 6. Bg2 Nbd7 7. O-O c6 8. Nc3
e5 9. dxe5 dxe5 10. e4 Qe7 11. Qe2 Nc5 12. Nd2 Rd8 13. b3 Nd3 14. Nd5 cxd5 15.
Qxd3 dxe4 16. Qe2 Bg4 17. Qe1 Qd7 18. Qe3 Qd4 19. Qxd4 Rxd4 20. h3 Bd7 21. Rd1
Bc6 22. Bb2 Rd3 23. Bf1 Rd7 24. Bxe5 Rad8 25. Bf4 Nh5 26. Be3 Bxa1 27. Rxa1
Rxd2 28. Bxd2 Rxd2 29. Bg2 e3 30. Bxc6 exf2+ 0-1

[Event "Brno /Olexa/"]
[Site "?"]
[Date "2014.12.26"]
[Round "2"]
[White "Doskar, Miloslav"]
[Black "Krajicek, Filip"]
[Result "0-1"]
[WhiteElo "1725"]
[BlackElo "1646"]
[PlyCount "54"]

1. d4 Nf6 2. c4 g6 3. Nc3 Bg7 4. e4 d6 5. Nge2 O-O 6. Ng3 e5 7. d5 Ne8 8. Bd3
Na6 9. O-O f5 10. f3 f4 11. Nge2 g5 12. a3 g4 13. fxg4 Bxg4 14. Qe1 Bf6 15. Kh1
Nc5 16. Bc2 Ng7 17. b4 Nd7 18. Ng1 Nh5 19. Nf3 Kh8 20. Bb2 Rg8 21. Bd1 Qe7 22.
Nb5 a6 23. Nc3 Rg6 24. Ne2 Rag8 25. Rc1 Bxf3 26. gxf3 Bh4 27. Qd2 Qg5 0-1

[Event "Brno /Olexa/"]
[Site "?"]
[Date "2014.12.26"]
[Round "2"]
[White "Vavrousek, Petr"]
[Black "Glacner, Karel"]
[Result "1/2-1/2"]
[WhiteElo "1716"]
[BlackElo "1543"]
[PlyCount "103"]

1. e4 e5 2. Nf3 f5 3. d3 fxe4 4. dxe4 Nc6 5. Bc4 Qe7 6. O-O d6 7. Nc3 Nf6 8.
Ng5 Nd8 9. Re1 h6 10. Nd5 Nxd5 11. Qh5+ Nf7 12. Bxd5 hxg5 13. Bxf7+ Qxf7 14.
Qxh8 Qf6 15. Qh5+ g6 16. Qxg5 Qg7 17. Bd2 Be6 18. f4 Be7 19. Qg3 O-O-O 20. f5
Bf7 21. fxg6 Qxg6 22. Qxg6 Bxg6 23. g4 d5 24. exd5 Rxd5 25. Be3 Bxc2 26. Rac1
Bb4 27. Rf1 Be4 28. h4 Rd7 29. a3 Rd3 30. Bf2 Rh3 31. Bxa7 Bd2 32. Rf8+ Kd7 33.
Rf7+ Ke6 34. Rcxc7 Bc6 35. Rxc6+ bxc6 36. Rf2 Be1 37. Rg2 Bxh4 38. g5 Kf7 39.
g6+ Kg8 40. Rg4 Bf6 41. Kg2 Rd3 42. b4 Rxa3 43. Bc5 Rb3 44. Kf2 Kg7 45. Ke2 Rh3
46. Be3 Rh4 47. Rxh4 Bxh4 48. Kd3 Kxg6 49. Ke4 Kf6 50. Bd2 Ke6 51. Bc3 Bf6 52.
Be1 {(R)} 1/2-1/2

[Event "Brno /Olexa/"]
[Site "?"]
[Date "2014.12.27"]
[Round "3"]
[White "Skola, Miroslav"]
[Black "Martisek, Karel"]
[Result "1-0"]
[WhiteElo "2166"]
[BlackElo "1884"]
[PlyCount "81"]

1. e4 e5 2. Nf3 Nf6 3. Nxe5 d6 4. Nf3 Nxe4 5. d4 d5 6. Bd3 Nf6 7. O-O Be7 8.
Re1 O-O 9. h3 Re8 10. Bg5 Nbd7 11. Nbd2 Nf8 12. Ne5 Ne6 13. Be3 c5 14. c3 Bd7
15. Bf5 cxd4 16. Bxe6 Bxe6 17. Bxd4 Bd6 18. Re3 Bf5 19. Qe2 Ne4 20. Nd3 Nxd2
21. Qxd2 Rxe3 {(R)} 22. Qxe3 Bxd3 23. Qxd3 Qe7 24. Qe3 Qxe3 25. Bxe3 b6 26. Rd1
Rd8 27. Kf1 f6 28. Rxd5 Kf7 29. Ke2 Ke6 30. c4 Rc8 31. Kd3 Be5 32. b4 Rc6 33.
f4 Bd6 34. f5+ Ke7 35. a3 Be5 36. a4 Rd6 37. Ke4 Rc6 38. c5 Bc3 39. b5 Rc7 40.
cxb6 axb6 41. Bxb6 1-0

[Event "Brno /Olexa/"]
[Site "?"]
[Date "2014.12.27"]
[Round "3"]
[White "Kopkan, Pavel"]
[Black "Snorek, Milan"]
[Result "0-1"]
[WhiteElo "1891"]
[BlackElo "2105"]
[PlyCount "96"]

1. e4 c5 2. c3 Nf6 3. e5 Nd5 4. g3 d6 5. f4 dxe5 6. fxe5 Nc6 7. d4 cxd4 8. cxd4
Ndb4 9. Be3 Nxd4 10. Bxd4 Qxd4 11. Bb5+ Bd7 12. Bxd7+ Qxd7 13. Qxd7+ Kxd7 14.
Kd2 g6 15. Nf3 Bh6+ 16. Kc3 Nd5+ 17. Kd4 e6 18. Na3 Rhd8 19. g4 Ke8 20. g5 Bf8
21. Ke4 Bxa3 22. bxa3 Rac8 23. Rhc1 Nc3+ 24. Ke3 Rc5 25. h4 Nd5+ 26. Kf2 Ra5
27. Rab1 b6 28. Rb3 Ra4 29. Kg3 Re4 30. Rc2 Ke7 31. Kf2 Kd7 32. Rd3 Rc8 33.
Rxc8 Kxc8 34. Rd4 Nc3 35. Rxe4 Nxe4+ 36. Ke3 Ng3 37. Kd3 Nf5 38. Kc4 Kc7 39. a4
Kc6 40. Nd4+ Kb7 41. Nf3 Kc6 42. Nd4+ Nxd4 43. Kxd4 b5 44. a5 b4 45. Kc4 a6 46.
Kxb4 Kd5 47. a3 Kd4 48. a4 Kd5 0-1

[Event "Brno /Olexa/"]
[Site "?"]
[Date "2014.12.27"]
[Round "3"]
[White "Borovicka, Bohumil"]
[Black "Spodny, Josef"]
[Result "1/2-1/2"]
[WhiteElo "2007"]
[BlackElo "1981"]
[PlyCount "38"]

1. d4 Nf6 2. Bf4 d5 3. e3 e6 4. Nd2 Bd6 {(R)} 5. Bg3 O-O 6. Bd3 Nc6 7. Ngf3 Nb4
8. Be2 c5 9. c3 Nc6 {(R)} 10. Bd3 b6 11. Ne5 Bxe5 12. dxe5 Nd7 13. O-O Ndxe5
14. Bxe5 Nxe5 15. Bxh7+ Kxh7 16. Qh5+ Kg8 17. Qxe5 f6 18. Qg3 Ba6 19. Rfd1 Qb8
1/2-1/2

[Event "Brno /Olexa/"]
[Site "?"]
[Date "2014.12.27"]
[Round "3"]
[White "Pelikan, Jaromir"]
[Black "Turza, Pavel"]
[Result "1/2-1/2"]
[WhiteElo "1878"]
[BlackElo "1777"]
[PlyCount "88"]

1. Nf3 Nf6 2. d4 d6 3. c4 Nc6 4. Nc3 e5 5. d5 Ne7 6. e4 Ng6 7. h3 Bd7 8. Bd3 a6
9. a4 Be7 10. O-O Qc8 11. Kh2 h5 12. Rh1 Nf4 13. Bxf4 exf4 14. Kg1 Rg8 15. e5
dxe5 16. Nxe5 Bf5 17. Qe2 Kf8 18. Re1 Bd6 19. Qc2 Bxd3 20. Nxd3 Qf5 21. Qd2 b6
22. b4 Re8 23. Rxe8+ Nxe8 24. c5 Be5 25. Nxe5 Qxe5 26. f3 bxc5 27. bxc5 g5 28.
Kf2 Qe7 29. Qd4 Qf6 30. Qxf6 Nxf6 31. Re1 Kg7 32. d6 cxd6 33. cxd6 Rd8 34. Rd1
Kg6 35. Nd5 Nxd5 36. Rxd5 Rd7 37. Ke2 Kf6 38. Kd3 Ke6 39. Ke4 f6 40. h4 gxh4
41. Rxh5 Rxd6 42. Rxh4 Rd2 43. Rh5 Rd6 44. Kxf4 Rd4+ 1/2-1/2

[Event "Brno /Olexa/"]
[Site "?"]
[Date "2014.12.27"]
[Round "3"]
[White "Brda, Vlastimil"]
[Black "Pesl, Jan"]
[Result "0-1"]
[WhiteElo "1347"]
[BlackElo "1817"]
[PlyCount "102"]

1. e4 d6 2. d4 Nf6 3. Nc3 g6 4. Bd3 Bg7 5. Nge2 O-O 6. h3 e5 7. Be3 Nbd7 8. Qd2
Re8 9. d5 c6 10. Bg5 Qb6 11. Na4 Qc7 12. c4 Nc5 13. Nxc5 dxc5 14. a4 Bd7 15.
O-O a6 16. Qe3 cxd5 17. cxd5 b5 18. a5 Rec8 19. Rfc1 Ne8 20. b3 Nd6 21. Bh6 Nb7
22. b4 c4 23. Bxg7 Kxg7 24. f4 exf4 25. Nxf4 Qe5 26. Be2 Nd6 27. Bf3 f5 28. Qc3
Qxc3 29. Rxc3 fxe4 30. Bg4 Nf5 31. Re1 Re8 32. Kh2 Rac8 33. h4 h5 34. Bxf5 Bxf5
35. Ree3 Kf6 36. Rg3 Rcd8 37. Rge3 Rd6 38. Rc1 Ke5 39. g3 Bg4 40. Rce1 Kd4 41.
Ne2+ Bxe2 42. R3xe2 c3 43. Rd1+ Kc4 44. Rf2 Kxb4 45. Ra2 Kc4 46. Rc2 b4 47. Ra2
e3 48. Rf1 Rxd5 49. Rf4+ Kb3 50. Ra1 c2 51. Kh3 Rd1 0-1

[Event "Brno /Olexa/"]
[Site "?"]
[Date "2014.12.27"]
[Round "3"]
[White "Hrdlicka, Vladan"]
[Black "Divis, Jan"]
[Result "1/2-1/2"]
[WhiteElo "1797"]
[BlackElo "1687"]
[PlyCount "56"]

1. e4 d5 2. exd5 Qxd5 3. Nc3 Qa5 4. d4 Nf6 5. Be2 c6 6. Bd2 Qb6 7. Nf3 Bg4 8.
Na4 Qc7 9. h3 Bxf3 10. Bxf3 e6 11. c4 Be7 12. O-O O-O 13. Re1 Na6 14. a3 Rad8
15. Qc2 b5 16. cxb5 cxb5 17. Qxc7 Nxc7 18. Nc3 a5 19. Ne2 b4 20. Kf1 Ncd5 21.
Nc1 Rc8 22. Nd3 bxa3 23. bxa3 a4 24. g4 Bd6 25. g5 Nd7 26. Bxd5 exd5 27. Nb4
Nb6 28. Rac1 g6 1/2-1/2

[Event "Brno /Olexa/"]
[Site "?"]
[Date "2014.12.27"]
[Round "3"]
[White "Zikan, Karel"]
[Black "Skvir, Ivo"]
[Result "0-1"]
[WhiteElo "1743"]
[BlackElo "1520"]
[PlyCount "106"]

1. Nf3 d5 2. d4 Nf6 3. c4 e6 4. Bg5 Be7 5. e3 Ne4 6. Bxe7 Qxe7 7. Nc3 Nxc3 8.
bxc3 Nd7 9. Qb3 c6 10. Be2 O-O 11. O-O b6 12. a4 a5 13. cxd5 cxd5 14. Rfc1 Rb8
15. Bb5 Rd8 16. Bxd7 Bxd7 17. c4 Bc6 18. Ne5 Ba8 19. Qb5 f6 20. Nc6 Bxc6 21.
Qxc6 Rdc8 22. Qb5 Qe8 23. Qxe8+ Rxe8 24. cxd5 exd5 25. Rab1 Rec8 26. Rxc8+ Rxc8
27. g4 Rc6 {(R)} 28. Kg2 Kf7 29. f4 Ke7 30. h4 Kd7 31. Kf3 Kc7 32. f5 Rc4 33.
Ra1 Kc6 34. Kf4 b5 35. axb5+ Kxb5 36. g5 a4 37. gxf6 gxf6 38. Rb1+ {(R)} Rb4
39. Rc1 a3 40. Rc5+ Ka4 41. Rc1 a2 42. Ra1 Ka3 43. Kg4 Kb2 44. Rd1 a1=Q 45.
Rxa1 Kxa1 46. Kh5 Rb3 47. Kh6 Rxe3 48. Kxh7 Rg3 49. h5 Kb2 50. h6 Kc3 51. Kh8
Kxd4 52. h7 Rh3 53. Kg7 Ke5 0-1